00823 a2200169 4500010001400000020002300014035001300037037001500050082001200065245021800077260003900295300003200334500021600366700002200582700001800604700003100622 aENG-88117 a818424150Xc850.00 aEN-71650 bDBAD / PUB14a671.25510aProceedings of the National Conference on Investment Casting (NCIC-2006), 28-29 December, 2006 :bcurrent research trends in investment casting /cedited by Biswanath Mondal, Jhankar Basu [and] Gopal Prasad Sinha aNew DelhibAllied Publishersc2007 axv, 316 p. billc25 cm(Hb) a"Organized by Central Mechanical Engineering Research Institute, Durgapur. Indian Ceramic Society, Hyderabad Chapter. Investment Casting Society, India. University College of Engineering, Osmania University".1 aMondal, Biswanath1 aBasu, Jhankar1 aSinha, Gopal Prasadd1946-